Normal view
MARC view
- OPTICAL FIBER COMMUNICATION AND ITS APPLICATIONS
Entry Topical Term
001 - CONTROL NUMBER
- control field: 69493
003 - CONTROL NUMBER IDENTIFIER
- control field: NUST
005 - DATE AND TIME OF LATEST TRANSACTION
- control field: 20210628204234.0
008 - FIXED-LENGTH DATA ELEMENTS
- fixed length control field: 210628|| aca||aabn | a|a d
040 ## - CATALOGING SOURCE
- Original cataloging agency: NUST
- Transcribing agency: NUST
150 ## - HEADING--TOPICAL TERM
- Topical term or geographic name entry element: OPTICAL FIBER COMMUNICATION AND ITS APPLICATIONS
670 ## - SOURCE DATA FOUND
- Source citation: Work cat.: (NUST): Gupta, S.C 62352, Optical fiber communication and its applications, 2004
